Yield potential adn physiological characteristics of clone PR 107 (Record no. 72564)

MARC details
000 -LEADER
fixed length control field 00541nam a2200181Ia 4500
100 ## - MAIN ENTRY--AUTHOR NAME
Personal name Wenxian Xu
245 #0 - TITLE STATEMENT
Title Yield potential adn physiological characteristics of clone PR 107
260 ## - PUBLICATION, DISTRIBUTION, ETC. (IMPRINT)
Name of publisher Hevea 88: IRRDB, 2 August to 7 November 1988, Paris. pp.301-314.
650 ## - SUBJECT ADDED ENTRY--TOPICAL TERM
Topical Term Panel stress
650 ## - SUBJECT ADDED ENTRY--TOPICAL TERM
Topical Term Physiological balance
650 ## - SUBJECT ADDED ENTRY--TOPICAL TERM
Topical Term Physiological parameter
650 ## - SUBJECT ADDED ENTRY--TOPICAL TERM
Topical Term Yield potential
700 ## - ADDED ENTRY--PERSONAL NAME
Personal name 6aShiqiao Luo
700 ## - ADDED ENTRY--PERSONAL NAME
Personal name Xiaodi Wei
700 ## - ADDED ENTRY--PERSONAL NAME
Personal name Yanqing Pan
942 ## - ADDED ENTRY ELEMENTS (KOHA)
Koha item type Journals
Holdings
Withdrawn status Lost status Damaged status Not for loan Home library Current library Shelving location Date acquired Koha item type
      Journals RRII Library RRII Library Plant physiology 13/02/2007 Journals